000 01358nam a22002897a 4500
999 _c21250
_d21250
003 AR-CdUCM
008 190325b ||||| |||| 00| 0 spa d
040 _aMUNICIPALIDAD PROVINCIAL DEL CUSCO
_cBIBLIOTECA MUNICIPAL DEL CUSCO
082 _a615.30/V21
_bV21
100 _aValenzuela Huamán, César Joe
_944390
245 _aToxicología clínica y Química legal I /
260 _aCusco ;
_bUniversitaria,
_c2018.
300 _a204 Páginas. :
_c20 cm.
505 _aContenido: Evolución de la Toxicología definiciones clases de tóxicos relación dosis respuesta -- Toxicocinetica mecanismos de absorción distribución y eliminación -- Tratamiento general de intoxicación y antidotísmo -- Experimentación Toxicológica -- Intoxicación por medicamentos -- Intoxicación con metales pesados -- Intoxicación por Internet, Redes Sociales y uso constante de celulares, Laptops y otros ...
650 _aToxicologia
_921812
650 _aMedicina
_93637
650 _aToxicidad
_922334
650 _aIntoxicación médica
_944391
650 _aIntoxicación
_944392
650 _aRedes Sociales
_944393
700 _aMoreyra Pachas, Carlos Alberto
_944394
700 _aDueñas Aragón, Marley
_944395
700 _aVelasque Rojas, Lida
_944396
700 _aValenzuela Huamán, Nelly Melinda
_944397
942 _2ddc
_cLIBROS
945 _aRoel